Emma Zajonc (DII)

Liberty B


Categories

Science - Other Science020020100107.5000
Fine Arts - Other Fine Arts0200205190.5000
Mythology010010123123.0000
Other010010129129.0000
Science - Biology010110125125.0000
Fine Arts - Classical Music010010131131.0001
Social Science010010128128.0000
Fine Arts - Painting & Sculpture010110139139.0000

Buzzes

Fine Arts - Other Fine ArtsInto the Woods1051
Science - Other Scienceaccessibility10100
Science - Other Scienceparallelism10115
MythologyVenus10123
Science - Biologysperm cells10125
Social Sciencemothers10128
Otherfood waste10129
Fine Arts - Other Fine Artssaris10130
Fine Arts - Classical Musicstring quartets10131
Fine Arts - Painting & Sculptureeggs10139